Регионална библиотека "Любен Каравелов" - Русе

Зрънце - перце (Запис номер 145573)

MARC детайли
000 -Лидер
Контролно поле с фиксирана дължина 01560nam a2200361 c 4500
003 - Код на организацията, давaща контролен номер
Контролно поле BLK
005 - Дата и час на последна редакция
Контролно поле 20250215120100.0
008 - Елементи от данни с фиксирана дължина
fixed length control field 180410b bul|||||r ||||||| ||bul||
010 ## - Наследен системен номер
LC control number KNG00151754000
040 ## - Източник на каталожния запис
Идентификатор на билиотеката - собственик на записа BLK
041 ## - Код за език
Код за езика на текст/звукозапис или на отделно заглавие Български
Код за езика КДБФ Български
080 ## - УДК
Текстов определител УДК Френска литература
УДК код - определител по УДК 821.133.1
УДК определител -93-34
УДК - код + определител 821.133.1-93-34
100 1# - Редна дума - Автор
Автор Елюар, Пол
Авторска отговорност първи автор
R(LIN) 67096
139 ## - Редно поле
Редна дума Елюар, Пол
Авторски знак Елц - Е 56
245 10 - Сведения за заглавието
Заглавие Зрънце - перце
Подзаглавни данни Приказка
Редно поле (дума) Пол Елюар; прев. от фр. Борис Делчев; худож. Людмил Тошков Чехларов; * Йожен Емил Пол Гриндел.
257 ## - Страна на издаване
Страна на създаване/издаване Франция
260 ## - Област на издателските данни
-- София
Име на издателя, разпространителя и проч. Отечество
Година на издаване 1978
Печатница София : Д. Благоев
300 ## - Физическа характеристика
Страници 32 с.
Илюстрации и др. с ил.
Размери/Мащаб 28 см
380 ## - Жанр
Жанр Детска худож. лит.
500 ## - Общи забележки
Забележка Ориг. загл. Drain d'aile. - 100 115 тир.
653 ## - Ключова дума – ненормативна
Ключова дума приказки
653 ## - Ключова дума – ненормативна
Ключова дума детска литература
653 ## - Ключова дума – ненормативна
Ключова дума литература за деца
700 1# - Други автори (авторска отговорност)
Лично име Делчев, Борис
Автороска отговорност (Описва отношението между автора и произведението) прев. от фр.
Друга информация Стойчев, Борис Делчев
9 (RLIN) 363811
700 1# - Други автори (авторска отговорност)
Лично име Чехларов, Людмил Тошков
Автороска отговорност (Описва отношението между автора и произведението) худож.
9 (RLIN) 376687
700 1# - Други автори (авторска отговорност)
Лично име Гриндел, Йожен Емил Пол
Автороска отговорност (Описва отношението между автора и произведението) *
9 (RLIN) 56414
852 ## - Местоположение
Форматна сигнатура Цб ІІ 18948
856 4# - Електронен адрес и достъп
Електронен формат pdf - файл
Път до файла /url/
856 4# - Електронен адрес и достъп
Електронен формат pdf - файл
Път до файла /url/
942 ## - АРТИКУЛИ
Вид на библиотечния материал Книги
Скрит в OPAC Не
Koha issues (borrowed), all copies 1
944 ## - СЪЗДАВАНЕ И РЕДАКЦИЯ на ЗАПИСА
Създаване/Редакция Създаване
Дата на регистрацията/редакция 14.10.2013
Статус, дата на статуса Севдалина Тодорова
Служител, извършил регистрацията/редакцията 30540
944 ## - СЪЗДАВАНЕ И РЕДАКЦИЯ на ЗАПИСА
Създаване/Редакция Редакция
Дата на регистрацията/редакция 14.10.2013
Статус, дата на статуса 14.10.2013 - от С1,Р / 14.10.2013
Служител, извършил регистрацията/редакцията
999 ## - СИСТЕМНИ КОНТРОЛНИ НОМЕРА
Koha biblionumber 145573
Koha biblioitemnumber 145573
Наличности
Код за отписване Код за изгубен артикул Източник на класификационната схема Код за повреда Коз за рестрикции Код за отдаване Артикулен № Име на библиотеката - собственик Име на библиотеката, в която се намира в момента Статус (Текущо местоположение) Дата на вписване в системата Местоположение - отдел Цена в лева Инвентарен номер Систематично азбучна сигнатура Баркод Номер на екземпляра Цена в евро Служебна бележка Служебен тип на артикула
  Не е изгубен Universal Decimal Classification Не е повреден само за читалня ползва се в читалня 241778 Регионална библиотека "Любен Каравелов" Русе Регионална библиотека "Любен Каравелов" Русе Хранилище 1978-01-01 Хранилище 0.44 258781 Цб ІІ 18948 120000258781 1 0.22 N: стар фонд Дата: 01.01.1978 Книги
  Не е изгубен Universal Decimal Classification Не е повреден без рестрикции заемане за дома 241779 Регионална библиотека "Любен Каравелов" Русе Регионална библиотека "Любен Каравелов" Русе Детски отдел 1978-01-01 Детски отдел 0.44 258990 ДХ 820/899/Е 56 120000258990 2 0.22 N: стар фонд Дата: 01.01.1978 Дата инв: 18.09.2015 Бележки инв: Д2015 Книги
Изтеглен Не е изгубен Universal Decimal Classification Не е повреден без рестрикции заемане за дома 241780 Регионална библиотека "Любен Каравелов" Русе Регионална библиотека "Любен Каравелов" Русе Детски отдел 1978-01-01 Детски отдел 0.44 258992 ДХ 820/899/Е 56 258992 3 0.22 N: стар фонд Дата: 01.01.1978 Дата инв: 18.09.2015 Бележки инв: Д2015 Книги
Изтеглен Не е изгубен Universal Decimal Classification Не е повреден без рестрикции заемане за дома 241781 Регионална библиотека "Любен Каравелов" Русе Регионална библиотека "Любен Каравелов" Русе Детски отдел 1978-01-01 Детски отдел 0.44 258994 ДХ 820/899/Е 56 258994 4 0.22 N: стар фонд Дата: 01.01.1978 Дата инв: 18.09.2015 Бележки инв: Д2015 Книги
Vip Innovations Ltd, Rousse, Bulgaria 2025